000 00503cam a2200205ua 4500
001 8134
008 150109n ii |||gr||||Z||||||hin
020 _a817178674X
040 _cMAIN
041 _ahin
082 _a891.433
100 _aSahni, B,
_eEditor.
245 1 _aPratinidhi kahaniyan
_cEdited by Bhishma Sahni
250 _a1st.
260 _aNew Delhi:
_bRajkamal,
_c1998.
300 _a139p.
653 _aEast Indo-European & Celtic literatures
653 _aHindi stories
942 _cBK
999 _c7249
_d7249